| 000 | 00649nam a22001817a 4500 | ||
|---|---|---|---|
| 999 |
_c16026 _d16026 |
||
| 003 | AR-CdUCM | ||
| 008 | 190430b ||||| |||| 00| 0 spa d | ||
| 040 |
_aMUNICIPALIDAD PROVINCIAL DEL CUSCO _cBIBLIOTECA MUNICIPAL DEL CUSCO |
||
| 082 |
_aC / 372.12 / _bR81 |
||
| 100 |
_aRomero James, Concha _935299 |
||
| 245 | _aEducación vacacional / | ||
| 260 |
_aCaracas : _bUNESCO, _c1948. |
||
| 300 |
_a95 páginas ; _c27 cm. |
||
| 505 | _aLas campañas de alfabetización como parte integrante del programa de educación fundamental -- Educación rural -- Formación de maestro... | ||
| 650 |
_aEducación. _9460 |
||
| 942 |
_2ddc _cLIBROS |
||
| 945 | _awfj | ||